000 00339nam a2200133 i 4500
001 bg
100 1 _aJACAK, Witold
245 0 _aRoboty inteligentne :
_bmetody planowania działań i ruchów /
_cWitold Jacak.
260 _aWrocław,
_c1991.
040 _cBPK
041 _apol
942 _cKS
008 s pl f |000 0 pol
999 _c29502
_d29502
856 _uhttp://koha.tu.koszalin.pl/cgi-bin/koha/opac-detail.pl?biblionumber=29502
_yKatalog online BPK